[Event "Aut_2.Bundesliga_Ost_2003/04"]
[Site "Bruck/Leitha (1+2), Wien (3+4), Eichgraben (5-7), Wien (8+9), Eichgraben (10+11)"]
[Date "2003.10.25"]
[Round "1"]
[Board "1"]
[White "Tibensky, Robert"]
[Black "Likavsky, Tomas"]
[Result "0-1"]
[WhiteElo "2405"]
[BlackElo "2472"]
[PlyCount "34"]

1.d4 Nf6 2.Bg5 e6 3.Nd2 h6 4.Bh4 c5 5.e3 cxd4 6.exd4 Be7 7.Bd3 d6 8.Ngf3 Nbd7
9.c3 a6 10.a4 b6 11.O-O Bb7 12.Ne4 Qc7 13.Re1 g5 14.Bg3 Nh5 15.Nfd2 Nxg3 16.fxg3
h5 17.h3 O-O-O

[Event "Aut_2.Bundesliga_Ost_2003/04"]
[Site "Bruck/Leitha (1+2), Wien (3+4), Eichgraben (5-7), Wien (8+9), Eichgraben (10+11)"]
[Date "2003.10.25"]
[Round "1"]
[Board "2"]
[White "Antal, Gergely"]
[Black "Wallner, Joachim"]
[Result "1-0"]
[WhiteElo "2498"]
[BlackElo "2297"]
[PlyCount "57"]

1.e4 c5 2.Nf3 e6 3.d4 cxd4 4.Nxd4 a6 5.Nc3 d6 6.Bd3 Nf6 7.O-O Qc7 8.a4 b6 9.f4
Bb7 10.Qf3 Nbd7 11.Bd2 g6 12.Qh3 Bg7 13.a5 O-O 14.axb6 Nxb6 15.Kh1 Rfb8 16.Rae1
d5 17.e5 Ne4 18.Bxe4 dxe4 19.Bc1 Qc4 20.Nb3 Na4 21.Na5 Qb4 22.Nxb7 Nxc3 23.Nd6
Na2 24.c3 Qb3 25.Be3 Qxb2 26.Bd4 e3 27.Qxe3 Qa3 28.Ra1 Rb3 29.Nc4

[Event "Aut_2.Bundesliga_Ost_2003/04"]
[Site "Bruck/Leitha (1+2), Wien (3+4), Eichgraben (5-7), Wien (8+9), Eichgraben (10+11)"]
[Date "2003.10.25"]
[Round "1"]
[Board "3"]
[White "Ganaus, Hannes"]
[Black "Dudas, Jan"]
[Result "1-0"]
[WhiteElo "2349"]
[BlackElo "2320"]
[PlyCount "161"]

1.d4 Nf6 2.Nf3 e6 3.e3 b6 4.Bd3 Bb7 5.O-O c5 6.b3 Be7 7.Bb2 O-O 8.a3 cxd4 9.exd4
d6 10.Re1 Nbd7 11.c4 Rc8 12.Nbd2 Re8 13.Nf1 Bf8 14.Ng3 g6 15.Rc1 Bg7 16.Rc2 Qc7
17.h4 Qb8 18.h5 Qa8 19.hxg6 hxg6 20.Ng5 d5 21.Bf1 Red8 22.Qb1 Nf8 23.Rd1 Qb8
24.Qa1 Ne4 25.N5xe4 dxe4 26.Ne2 b5 27.Qc1 bxc4 28.bxc4 Bc6 29.d5 Ba4 30.Bxg7
Kxg7 31.Qa1+ Kg8 32.Rb1 Bxc2 33.Rxb8 Rxb8 34.Nf4 Rb1 35.Qc3 Bd3 36.Nxd3 exd3
37.Qxd3 Rc1 38.g3 exd5 39.cxd5 Nd7 40.Qd2 Rb1 41.Kg2 Nf6 42.Bc4 Rb6 43.Qa5 Rd7
44.a4 Rbd6 45.Qc5 Kg7 46.Qd4 a6 47.Qb2 Kh7 48.Qe2 Nxd5 49.Bxa6 Nc3 50.Qc4 Ra7
51.Bc8 Nxa4 52.Qb4 Rd5 53.Bb7 Rda5 54.Bf3 Nc5 55.Qh4+ Kg7 56.Qd4+ f6 57.Bd5 Rc7
58.Qb4 Raa7 59.Qb8 f5 60.f4 Ne4 61.Qg8+ Kh6 62.Qh8+ Rh7 63.Qf8+ Kh5 64.Bxe4 fxe4
65.Kh3 g5 66.Qg8 Rag7 67.Qe8+ Kh6 68.f5 g4+ 69.Kh4 Rf7 70.Qxe4 Kg7+ 71.Kxg4 Rh6
72.Qe5+ Kg8 73.Kg5 Rhh7 74.f6 Rf8 75.Kg6 Rhf7 76.Qd5 Kh8 77.Qxf7 Rxf7 78.Kxf7
Kh7 79.Ke7 Kg6 80.f7 Kf5 81.f8=Q+

[Event "Aut_2.Bundesliga_Ost_2003/04"]
[Site "Bruck/Leitha (1+2), Wien (3+4), Eichgraben (5-7), Wien (8+9), Eichgraben (10+11)"]
[Date "2003.10.25"]
[Round "1"]
[Board "4"]
[White "Todor, Razvan"]
[Black "Franzen, Jozef"]
[Result "0-1"]
[WhiteElo "2223"]
[BlackElo "2402"]
[PlyCount "96"]

1.e4 g6 2.d4 Bg7 3.Nc3 d6 4.Bc4 c6 5.Qf3 e6 6.Nge2 Nd7 7.O-O d5 8.Bb3 Ne7 9.Bg5
h6 10.Bh4 O-O 11.Qe3 Re8 12.a4 a5 13.Rad1 Kh7 14.Nc1 g5 15.Bg3 f5 16.exf5 exf5
17.f4 g4 18.Rfe1 Nf6 19.Nd3 Ng6 20.Ne5 Be6 21.Qd3 Ne4 22.Nxe4 dxe4 23.Qe3 Bxb3
24.Qxb3 Qe7 25.Qb6 Red8 26.Nxg6 Kxg6 27.Bf2 Rd7 28.c3 Kf7 29.Qb3+ Qe6 30.Qc2 Bf6
31.Be3 h5 32.Re2 h4 33.Kf1 h3 34.g3 Rad8 35.Red2 b5 36.b3 bxa4 37.bxa4 Qc4+
38.Kg1 Rb8 39.Rc1 Rdb7 40.Kf2 Ke6 41.Qa2 Kd5 42.Qa1 Be7 43.Ra2 Rb3 44.Bd2 Qd3
45.Be3 Rb1 46.c4+ Kd6 47.Qc3 Qxc3 48.Rxc3 Rh1

[Event "Aut_2.Bundesliga_Ost_2003/04"]
[Site "Bruck/Leitha (1+2), Wien (3+4), Eichgraben (5-7), Wien (8+9), Eichgraben (10+11)"]
[Date "2003.10.25"]
[Round "1"]
[Board "5"]
[White "Fusi, Christoph"]
[Black "Achs, Reinhold"]
[Result "1/2-1/2"]
[WhiteElo "2241"]
[BlackElo "2140"]
[PlyCount "66"]

1.e4 Nf6 2.e5 Nd5 3.c4 Nb6 4.d4 d6 5.exd6 cxd6 6.d5 e6 7.Nc3 exd5 8.cxd5 Bf5
9.Be3 N8d7 10.Nf3 Be7 11.Be2 Rc8 12.Qd4 Bf6 13.Qf4 Bg6 14.Bd4 Bxd4 15.Nxd4 Ne5
16.Qg3 f5 17.Bb5+ Kf7 18.Ne6 Qf6 19.O-O a6 20.Be2 Rhe8 21.Rac1 Kg8 22.f4 Nec4
23.Qf2 Nd7 24.Bxc4 Rxc4 25.Qa7 Rb4 26.Nd1 Bf7 27.Rc7 Bxe6 28.dxe6 Qxe6 29.Rxb7
Rxb7 30.Qxb7 Nc5 31.Qc6 Rc8 32.Qb6 Qxa2 33.Qxd6 Qe6

[Event "Aut_2.Bundesliga_Ost_2003/04"]
[Site "Bruck/Leitha (1+2), Wien (3+4), Eichgraben (5-7), Wien (8+9), Eichgraben (10+11)"]
[Date "2003.10.25"]
[Round "1"]
[Board "6"]
[White "Allacher, Erwin"]
[Black "Zetthofer, Gerald"]
[Result "0-1"]
[WhiteElo "2174"]
[BlackElo "2225"]
[PlyCount "126"]

1.d4 d5 2.c4 e6 3.Nf3 Nf6 4.e3 Nbd7 5.Bd3 a6 6.Nbd2 Be7 7.O-O O-O 8.e4 dxe4
9.Nxe4 b6 10.Qe2 Bb7 11.Bg5 Nxe4 12.Bxe7 Qxe7 13.Bxe4 Bxe4 14.Qxe4 Nf6 15.Qe2
Qd6 16.Rad1 Rfd8 17.Rd3 a5 18.Rfd1 a4 19.a3 Qf4 20.g3 Qg4 21.Qe5 Rd7 22.Qe1 Rd6
23.Ne5 Qe4 24.Qxe4 Nxe4 25.f3 Nf6 26.Kf2 Kf8 27.h3 Nd7 28.Nxd7+ Rxd7 29.Ke3 Ke7
30.Kd2 f6 31.Re1 Kf7 32.Kc3 Rad8 33.Red1 c6 34.f4 Ra7 35.Kb4 Ra5 36.Kc3 g5
37.fxg5 Rxg5 38.Kb4 Ra8 39.Rf1 c5+ 40.Kc3 cxd4+ 41.Rxd4 Rxg3+ 42.Rd3 Rxd3+
43.Kxd3 Rg8 44.Rf3 e5 45.Kc3 Rg2 46.b3 axb3 47.Kxb3 Ke6 48.a4 f5 49.Rc3 f4 50.c5
bxc5 51.a5 Kd5 52.a6 Rg7 53.Ka4 Kc6 54.Ka5 Rg3 55.a7 Rg8 56.Rb3 Ra8 57.Ka6 e4
58.Rb8 Rxa7+ 59.Kxa7 f3 60.Rf8 c4 61.Ka6 c3 62.Rc8+ Kd5 63.Rxc3 f2

[Event "Aut_2.Bundesliga_Ost_2003/04"]
[Site "Bruck/Leitha (1+2), Wien (3+4), Eichgraben (5-7), Wien (8+9), Eichgraben (10+11)"]
[Date "2003.10.25"]
[Round "1"]
[Board "1"]
[White "Srienz, Christian"]
[Black "Markos, Jan"]
[Result "1/2-1/2"]
[WhiteElo "2222"]
[BlackElo "2459"]
[PlyCount "78"]

1.e4 c5 2.Nf3 Nc6 3.d4 cxd4 4.Nxd4 Nf6 5.Nc3 e5 6.Ndb5 d6 7.Bg5 a6 8.Na3 b5
9.Bxf6 gxf6 10.Nd5 Bg7 11.c3 f5 12.exf5 Bxf5 13.Nc2 O-O 14.Nce3 Bg6 15.h4 Be4
16.Rh3 Kh8 17.g4 Ne7 18.Nxe7 Qxe7 19.Bd3 Bxd3 20.Qxd3 e4 21.Nf5 exd3+ 22.Nxe7
Rae8 23.Re3 Bf6 24.Nf5 Rxe3+ 25.fxe3 Rg8 26.g5 Bxg5 27.O-O-O Bf6 28.Rxd3 Rd8
29.Rxd6 Rxd6 30.Nxd6 Bxh4 31.Nxf7+ Kg7 32.Nd6 Kf6 33.c4 Ke6 34.cxb5 Kxd6 35.bxa6
Kc6 36.b4 Bg5 37.Kd2 h5 38.b5+ Kb6 39.Ke2 h4

[Event "Aut_2.Bundesliga_Ost_2003/04"]
[Site "Bruck/Leitha (1+2), Wien (3+4), Eichgraben (5-7), Wien (8+9), Eichgraben (10+11)"]
[Date "2003.10.25"]
[Round "1"]
[Board "2"]
[White "Alvir, Aco"]
[Black "Schorn, Christoph"]
[Result "1-0"]
[WhiteElo "2374"]
[BlackElo "2215"]
[PlyCount "75"]

1.e4 c5 2.Nf3 d6 3.d4 cxd4 4.Nxd4 Nf6 5.Nc3 a6 6.Bg5 e6 7.f4 Nc6 8.e5 h6 9.Bh4
g5 10.fxg5 Nd5 11.Nxd5 exd5 12.exd6 Bxd6 13.Qe2+ Kf8 14.Nxc6 bxc6 15.O-O-O hxg5
16.Be1 Be6 17.g3 Qb6 18.Bc3 Rh6 19.Bg2 Re8 20.Rde1 d4 21.Bd2 Rb8 22.b3 Qc5
23.Qxa6 Bf5 24.Be4 Bxe4 25.Rxe4 Bxg3 26.Rg4 Rxh2 27.Rxh2 Bxh2 28.Rxg5 Qd6 29.Rf5
Re8 30.Qc4 Qe6 31.Bb4+ Kg7 32.Qxd4+ f6 33.Qg4+ Kf7 34.Qh5+ Kg7 35.Bc3 Be5
36.Bxe5 fxe5 37.Rg5+ Kf8 38.Qh7

[Event "Aut_2.Bundesliga_Ost_2003/04"]
[Site "Bruck/Leitha (1+2), Wien (3+4), Eichgraben (5-7), Wien (8+9), Eichgraben (10+11)"]
[Date "2003.10.25"]
[Round "1"]
[Board "3"]
[White "Bechmann, Gerhard"]
[Black "Novak, Ivan"]
[Result "1-0"]
[WhiteElo "2141"]
[BlackElo "2374"]
[PlyCount "77"]

1.c3 e5 2.e4 d5 3.exd5 Qxd5 4.d3 Nc6 5.Qb3 Qxb3 6.axb3 Bf5 7.Nd2 Nf6 8.Be2 a6
9.f3 Bc5 10.Ne4 Bb6 11.b4 O-O 12.Bd1 Nd5 13.g3 Rad8 14.Bd2 h6 15.h4 Bc8 16.Bb3
f5 17.Nc5 Kh8 18.Bc4 a5 19.b5 Bxc5 20.bxc6 b6 21.Ne2 Ne7 22.b4 axb4 23.cxb4 b5
24.Bxb5 Bb6 25.Nc3 Rd6 26.Ke2 Be6 27.Rhc1 Bd4 28.Ra6 Nd5 29.Nxd5 Bxd5 30.Bc4
Bxc6 31.b5 Bb7 32.Rxd6 cxd6 33.Bb4 Rd8 34.Be6 g6 35.Rc7 Ba8 36.h5 e4 37.hxg6
exf3+ 38.Kf1 Bg7 39.Bc3

[Event "Aut_2.Bundesliga_Ost_2003/04"]
[Site "Bruck/Leitha (1+2), Wien (3+4), Eichgraben (5-7), Wien (8+9), Eichgraben (10+11)"]
[Date "2003.10.25"]
[Round "1"]
[Board "4"]
[White "Kuthan, Andreas"]
[Black "Thoma, Wilhelm Jun."]
[Result "1/2-1/2"]
[WhiteElo "2237"]
[BlackElo "2161"]
[PlyCount "29"]

1.e4 c5 2.c3 d5 3.exd5 Qxd5 4.d4 Nf6 5.Nf3 Bg4 6.Be2 e6 7.h3 Bh5 8.O-O Nc6 9.Be3
cxd4 10.cxd4 Be7 11.Nc3 Qd6 12.Qb3 O-O 13.Rfd1 Rfd8 14.a3 Rac8 15.Rac1

[Event "Aut_2.Bundesliga_Ost_2003/04"]
[Site "Bruck/Leitha (1+2), Wien (3+4), Eichgraben (5-7), Wien (8+9), Eichgraben (10+11)"]
[Date "2003.10.25"]
[Round "1"]
[Board "1"]
[White "Pingitzer, Harald"]
[Black "Lau, Ralf"]
[Result "1/2-1/2"]
[WhiteElo "2381"]
[BlackElo "2497"]
[PlyCount "29"]

1.Nf3 d6 2.d4 Bg4 3.Nbd2 e6 4.b3 Nd7 5.Bb2 d5 6.e4 c6 7.Be2 dxe4 8.Nxe4 Ngf6
9.Ng3 Qa5+ 10.Qd2 Qxd2+ 11.Kxd2 Nh5 12.Nxh5 Bxh5 13.Ne5 Bxe2 14.Nxd7 Kxd7
15.Kxe2

[Event "Aut_2.Bundesliga_Ost_2003/04"]
[Site "Bruck/Leitha (1+2), Wien (3+4), Eichgraben (5-7), Wien (8+9), Eichgraben (10+11)"]
[Date "2003.10.25"]
[Round "1"]
[Board "2"]
[White "Kleiser, Gregor"]
[Black "Schneider-Zinner, Harald"]
[Result "0-1"]
[WhiteElo "2235"]
[BlackElo "2347"]
[PlyCount "114"]

1.c4 e6 2.g3 d5 3.Bg2 Nf6 4.Nf3 Be7 5.O-O O-O 6.b3 Nbd7 7.Bb2 c6 8.d3 b5 9.cxb5
cxb5 10.Nd4 Qb6 11.Nd2 Bb7 12.Rc1 a5 13.a3 Bc5 14.e3 Ba6 15.N2f3 Qd6 16.Nc2 b4
17.a4 Bb6 18.Re1 Nc5 19.Be5 Qd7 20.Bd4 Nxb3 21.Bxb6 Nxc1 22.Qxc1 Rfc8 23.Qb2 Qc6
24.Bd4 Qxc2 25.Bxf6 gxf6 26.Qxf6 Bxd3 27.Nd4 Qc7 28.e4 Qd8 29.Qf4 dxe4 30.Bxe4
Bxe4 31.Rxe4 Qd5 32.Qf3 f5 33.Nxf5 Qxf5 34.Rf4 Rc1+ 35.Kg2 Qd5 36.Rg4+ Kh8
37.Re4 Qf5 38.Rf4 Qd5 39.Re4 Rc4 40.Rxc4 Qxc4 41.Qxa8+ Kg7 42.f3 b3 43.Kh3 Qb4
44.Qa7+ Kf6 45.Qxh7 b2 46.Qh8+ Ke7 47.Qh7+ Kd6 48.Qb1 Qc3 49.g4 Qc1 50.Qd3+ Kc7
51.Qh7+ Kb6 52.Qe7 b1=Q 53.Qxe6+ Qc6 54.Qe3+ Kb7 55.g5 Qf5+ 56.Kg3 Qd6+ 57.f4
Qxg5+

[Event "Aut_2.Bundesliga_Ost_2003/04"]
[Site "Bruck/Leitha (1+2), Wien (3+4), Eichgraben (5-7), Wien (8+9), Eichgraben (10+11)"]
[Date "2003.10.25"]
[Round "1"]
[Board "3"]
[White "Kummer, Helmut"]
[Black "Kreindl, Helmut"]
[Result "1/2-1/2"]
[WhiteElo "2337"]
[BlackElo "2219"]
[PlyCount "106"]

1.d4 d5 2.c4 e6 3.Nc3 Nf6 4.Bg5 Be7 5.e3 h6 6.Bh4 O-O 7.Nf3 b6 8.Bd3 Bb7 9.O-O
Nbd7 10.Qe2 c5 11.Rfd1 Ne4 12.Bg3 cxd4 13.Bxe4 dxc3 14.cxd5 cxb2 15.Qxb2 Bf6
16.Ne5 exd5 17.Bxd5 Bxd5 18.Rxd5 Nxe5 19.Rxd8 Nf3+ 20.gxf3 Bxb2 21.Rxa8 Rxa8
22.Rd1 Ba3 23.Rd7 b5 24.Rb7 a6 25.Bb8 Bf8 26.Bc7 Bc5 27.Kf1 Ra7 28.Rb8+ Kh7
29.Bb6 Bxb6 30.Rxb6 f6 31.Ke2 Kg6 32.e4 Kg5 33.Ke3 Kh4 34.f4 Kh3 35.e5 fxe5
36.fxe5 Kxh2 37.f4 h5 38.f5 h4 39.Rg6 h3 40.f6 gxf6 41.exf6 Rc7 42.Rg7 Rc6 43.f7
Rf6 44.Ke4 a5 45.Ke5 Rf2 46.Ke6 Re2+ 47.Kd7 Rf2 48.Ke8 Re2+ 49.Kd7 Rf2 50.Ke7
Re2+ 51.Kf6 Rf2+ 52.Ke7 Re2+ 53.Kd7 Rf2

[Event "Aut_2.Bundesliga_Ost_2003/04"]
[Site "Bruck/Leitha (1+2), Wien (3+4), Eichgraben (5-7), Wien (8+9), Eichgraben (10+11)"]
[Date "2003.10.25"]
[Round "1"]
[Board "4"]
[White "Schwaninger, Wolfgang"]
[Black "Sandhu, Mario"]
[Result "0-1"]
[WhiteElo "2226"]
[BlackElo "2338"]
[PlyCount "80"]

1.d4 Nf6 2.Nf3 e6 3.Bf4 Be7 4.e3 Nh5 5.Bd3 Nxf4 6.exf4 b6 7.O-O Bb7 8.Re1 O-O
9.Nbd2 d6 10.Qe2 Re8 11.Ne4 h6 12.g4 Nd7 13.h3 c5 14.c3 Qc7 15.Ng3 Bf6 16.Rac1
e5 17.dxe5 dxe5 18.f5 c4 19.Bc2 e4 20.Nxe4 Rad8 21.Rcd1 b5 22.Qe3 Bxe4 23.Bxe4
Nc5 24.Rxd8 Bxd8 25.Qd4 a6 26.Kg2 Bf6 27.Qd5 Nxe4 28.Rxe4 Rd8 29.Rxc4 bxc4
30.Qe4 Qc5 31.h4 Qd5 32.Qf4 Re8 33.g5 hxg5 34.hxg5 Be5 35.Qh4 g6 36.f6 Bd6 37.b3
Re4 38.Qh3 Bf8 39.Qc8 Rf4 40.Qh3 cxb3

[Event "Aut_2.Bundesliga_Ost_2003/04"]
[Site "Bruck/Leitha (1+2), Wien (3+4), Eichgraben (5-7), Wien (8+9), Eichgraben (10+11)"]
[Date "2003.10.25"]
[Round "1"]
[Board "5"]
[White "Holzer, Gerhard"]
[Black "Ponjican, Erich"]
[Result "1-0"]
[WhiteElo "2245"]
[BlackElo "2115"]
[PlyCount "119"]

1.b3 d5 2.Bb2 c5 3.e3 Nc6 4.Nf3 Bg4 5.Be2 e6 6.O-O Nf6 7.d3 Bd6 8.Nbd2 O-O 9.c4
h6 10.Re1 Bf5 11.Bf1 Bh7 12.a3 e5 13.cxd5 Nxd5 14.Nc4 Re8 15.Nxd6 Qxd6 16.d4
cxd4 17.exd4 e4 18.Ne5 Red8 19.Qh5 Qf6 20.Bc4 Nce7 21.g3 Rac8 22.Rac1 Qf5 23.Qd1
f6 24.Ng4 Kh8 25.Be2 Rxc1 26.Qxc1 Rc8 27.Qd2 Qd7 28.Rc1 Rxc1+ 29.Qxc1 Bf5 30.Ne3
Nxe3 31.Qxe3 Nd5 32.Qc1 Bg4 33.Bf1 Bf3 34.Qc5 b6 35.Qb5 Qe6 36.Bc1 Nc3 37.Qc4
Nd5 38.Bd2 b5 39.Qxb5 e3 40.fxe3 Nxe3 41.Qb8+ Kh7 42.Bd3+ Be4 43.Qb5 Qg4 44.Bxe3
Qd1+ 45.Bf1 Qf3 46.Qe2 Qh1+ 47.Kf2 Qxh2+ 48.Ke1 Qxg3+ 49.Kd2 f5 50.Qf2 Qd6
51.Bd3 Qxa3 52.Bxe4 Qa5+ 53.Kc2 fxe4 54.Kb2 Qb5 55.Qc2 Qf5 56.Qc5 Qf3 57.d5 Qe2+
58.Ka3 h5 59.d6 Qa6+ 60.Kb4

[Event "Aut_2.Bundesliga_Ost_2003/04"]
[Site "Bruck/Leitha (1+2), Wien (3+4), Eichgraben (5-7), Wien (8+9), Eichgraben (10+11)"]
[Date "2003.10.25"]
[Round "1"]
[Board "6"]
[White "Zsifkovits, Robert"]
[Black "Hansen, Kay"]
[Result "1/2-1/2"]
[WhiteElo "2135"]
[BlackElo "2242"]
[PlyCount "112"]

1.e4 c6 2.d4 d5 3.Nd2 dxe4 4.Nxe4 Bf5 5.Ng3 Bg6 6.h4 h6 7.Nf3 Nd7 8.h5 Bh7 9.Bd3
Bxd3 10.Qxd3 Ngf6 11.Bd2 e6 12.O-O-O Qc7 13.c4 Bd6 14.Ne4 Bf4 15.g3 Bxd2+
16.Rxd2 O-O-O 17.Kb1 Kb8 18.Nxf6 Nxf6 19.Qe2 c5 20.Rh4 Rd6 21.dxc5 Rxd2 22.Qxd2
Qxc5 23.Qf4+ Kc8 24.Ne5 Qc7 25.Qe3 Rd8 26.a3 Kb8 27.Rf4 Ka8 28.g4 a6 29.Rd4 Kb8
30.f3 Rxd4 31.Qxd4 Kc8 32.Ka2 Ne8 33.f4 f6 34.Nd3 Qd6 35.Qe4 Kc7 36.Kb3 Qb6+
37.Kc3 Qc6 38.Qxc6+ Kxc6 39.Kd4 Nd6 40.Nb4+ Kc7 41.Nd3 Kc6 42.b3 Nf7 43.b4 Nd8
44.Nc5 Kd6 45.Ne4+ Kc6 46.Nc5 Kd6 47.Ke4 a5 48.Nd3 axb4 49.axb4 b6 50.Kd4 Nc6+
51.Ke4 Ne7 52.Kf3 g6 53.hxg6 Nxg6 54.Ke4 Ne7 55.Kf3 Ng6 56.Ke4 Ne7

[Event "Aut_2.Bundesliga_Ost_2003/04"]
[Site "Bruck/Leitha (1+2), Wien (3+4), Eichgraben (5-7), Wien (8+9), Eichgraben (10+11)"]
[Date "2003.10.25"]
[Round "1"]
[Board "1"]
[White "Palkoevi, Jozsef"]
[Black "Penz, Harald"]
[Result "1/2-1/2"]
[WhiteElo "2428"]
[BlackElo "2307"]
[PlyCount "51"]

1.e4 e5 2.Nf3 Nf6 3.Nxe5 d6 4.Nf3 Nxe4 5.d4 d5 6.Bd3 Be7 7.O-O Nc6 8.c4 Nb4
9.Be2 O-O 10.a3 Nc6 11.cxd5 Qxd5 12.Nc3 Nxc3 13.bxc3 Bf5 14.Re1 Bf6 15.Bf4 Rac8
16.Bd3 Na5 17.Ne5 Bxd3 18.Qxd3 Rfd8 19.Ng4 Qc6 20.Qg3 Re8 21.Bxc7 Nb3 22.d5 Nxa1
23.Nh6+ Kh8 24.Nxf7+ Kg8 25.Nh6+ Kh8 26.Nf7+

[Event "Aut_2.Bundesliga_Ost_2003/04"]
[Site "Bruck/Leitha (1+2), Wien (3+4), Eichgraben (5-7), Wien (8+9), Eichgraben (10+11)"]
[Date "2003.10.25"]
[Round "1"]
[Board "2"]
[White "Komora, Andrej"]
[Black "Rumpl, Erwin"]
[Result "1/2-1/2"]
[WhiteElo "2298"]
[BlackElo "2254"]
[PlyCount "120"]

1.f4 g6 2.Nf3 Bg7 3.g3 c5 4.Bg2 Nc6 5.O-O d6 6.c4 e6 7.Nc3 Nge7 8.b3 O-O 9.Bb2
a6 10.Qc1 f5 11.d3 Rb8 12.e4 b5 13.cxb5 axb5 14.Ne2 Bxb2 15.Qxb2 Qb6 16.Kh1 fxe4
17.dxe4 d5 18.h4 dxe4 19.Ng5 Nf5 20.Nxe4 Ncd4 21.b4 Nxe2 22.Qxe2 cxb4 23.Rfe1
Bb7 24.Kh2 Rbc8 25.Rad1 Bxe4 26.Qxe4 Rc3 27.Qxe6+ Qxe6 28.Rxe6 Rxg3 29.Rd7 Rf7
30.Rxf7 Kxf7 31.Rb6 Rg4 32.h5 Rxf4 33.hxg6+ hxg6 34.Bd5+ Kg7 35.Rxb5 Kf6 36.Bb3
g5 37.Rb6+ Ke5 38.Rb5+ Kf6 39.Rb6+ Ke5 40.Rb5+ Kd6 41.Rb6+ Kc5 42.Rg6 g4 43.Be6
Ne3 44.Kg3 Rf3+ 45.Kh4 Rh3+ 46.Kg5 Rh2 47.Kf4 Kd4 48.Rg8 Rf2+ 49.Kg3 Rf3+ 50.Kh4
Rh3+ 51.Kg5 Rh2 52.Kf4 Kd3 53.Rd8+ Ke2 54.Bxg4+ Nxg4 55.Kxg4 Ke3 56.Rb8 Rb2
57.Ra8 Rf2 58.Ra4 Rb2 59.Kf5 Kd4 60.a3 Kc3

[Event "Aut_2.Bundesliga_Ost_2003/04"]
[Site "Bruck/Leitha (1+2), Wien (3+4), Eichgraben (5-7), Wien (8+9), Eichgraben (10+11)"]
[Date "2003.10.25"]
[Round "1"]
[Board "3"]
[White "Gugler, Edgar"]
[Black "Janetschek, Karl"]
[Result "0-1"]
[WhiteElo "2242"]
[BlackElo "2254"]
[PlyCount "82"]

1.d4 e6 2.Nf3 c5 3.e3 Nf6 4.Bd3 b6 5.O-O Be7 6.Nbd2 Bb7 7.c3 O-O 8.Re1 d5 9.Ne5
Nc6 10.f4 Nxe5 11.fxe5 Ne4 12.Qg4 f5 13.exf6 Rxf6 14.Nxe4 dxe4 15.Bxe4 h5
16.Qxh5 Bxe4 17.Bd2 Qd5 18.Qxd5 exd5 19.a4 Raf8 20.Rf1 Rxf1+ 21.Rxf1 Rxf1+
22.Kxf1 a5 23.dxc5 bxc5 24.Kf2 c4 25.Be1 Bh4+ 26.g3 Bd8 27.Ke2 Bc2 28.Kf3 Kf7
29.g4 Bxa4 30.h3 Bc2 31.Bg3 Be4+ 32.Kf2 g5 33.Bd6 Ke6 34.Bc5 Kd7 35.Bf8 Kc6
36.Bh6 Kb5 37.Ke1 Ka4 38.Kd2 Kb3 39.Kc1 Bg2 40.h4 gxh4 41.Bf4 h3

[Event "Aut_2.Bundesliga_Ost_2003/04"]
[Site "Bruck/Leitha (1+2), Wien (3+4), Eichgraben (5-7), Wien (8+9), Eichgraben (10+11)"]
[Date "2003.10.25"]
[Round "1"]
[Board "4"]
[White "Hangweyrer, Roman"]
[Black "Wadsack, Wolfgang"]
[Result "0-1"]
[WhiteElo "2214"]
[BlackElo "2176"]
[PlyCount "68"]

1.Nf3 d5 2.d4 Nf6 3.c4 dxc4 4.e3 Bg4 5.Bxc4 e6 6.h3 Bxf3 7.Qxf3 Nc6 8.O-O Bd6
9.Nc3 a6 10.Rd1 O-O 11.Bb3 e5 12.dxe5 Nxe5 13.Qxb7 Kh8 14.f4 Ng6 15.Ne4 Nxe4
16.Qxe4 f5 17.Qd4 Qe7 18.Bd2 Nxf4 19.Qc4 Ng6 20.Qe6 Qg5 21.Be1 Rae8 22.Qc4 Qxe3+
23.Bf2 Qe5 24.Rd2 Qh2+ 25.Kf1 Re4 26.Qc2 Rf4 27.Re1 Qh1+ 28.Ke2 Qxg2 29.Kd1 Bb4
30.Bd5 Qxh3 31.Rh1 Qg4+ 32.Kc1 Bxd2+ 33.Qxd2 Ne5 34.Rg1 Rxf2

[Event "Aut_2.Bundesliga_Ost_2003/04"]
[Site "Bruck/Leitha (1+2), Wien (3+4), Eichgraben (5-7), Wien (8+9), Eichgraben (10+11)"]
[Date "2003.10.25"]
[Round "1"]
[Board "5"]
[White "Waller, Helmut"]
[Black "Mueller, Roland"]
[Result "1-0"]
[WhiteElo "2115"]
[BlackElo "2113"]
[PlyCount "99"]

1.d4 Nf6 2.Nf3 g6 3.Bg5 Bg7 4.Nbd2 d5 5.e3 O-O 6.Bd3 c5 7.c3 b6 8.Qe2 Bb7 9.O-O
Nbd7 10.Rad1 Re8 11.Ba6 Qc8 12.Bxb7 Qxb7 13.Rfe1 e5 14.dxe5 Ne4 15.Bf4 Nxe5
16.Nxe5 Bxe5 17.Nxe4 dxe4 18.Bxe5 Rxe5 19.Rd6 Rd5 20.Rd1 Rxd6 21.Rxd6 Re8 22.Qd1
Qa6 23.a3 Qb5 24.Qd2 a5 25.h3 a4 26.g4 Re6 27.Rd8+ Re8 28.c4 Qc6 29.Rd6 Qb7
30.Qd1 b5 31.Rd7 Qc6 32.Rd6 Qb7 33.Qd5 Qxd5 34.Rxd5 bxc4 35.Rxc5 Rb8 36.Rxc4
Rxb2 37.Rxe4 Kg7 38.Rxa4 Kf6 39.Kg2 h5 40.gxh5 gxh5 41.Kg3 Ra2 42.f3 Re2 43.e4
Kg5 44.Ra5+ Kg6 45.a4 Ra2 46.Ra6+ Kg7 47.a5 Ra1 48.Ra8 Rg1+ 49.Kf4 Rh1 50.a6

[Event "Aut_2.Bundesliga_Ost_2003/04"]
[Site "Bruck/Leitha (1+2), Wien (3+4), Eichgraben (5-7), Wien (8+9), Eichgraben (10+11)"]
[Date "2003.10.25"]
[Round "1"]
[Board "6"]
[White "Prager, Manfred"]
[Black "Wadsack, Winfried"]
[Result "0-1"]
[WhiteElo "2099"]
[BlackElo "2146"]
[PlyCount "80"]

1.e4 d5 2.exd5 Nf6 3.Nf3 Nxd5 4.d4 g6 5.Be2 Bg7 6.O-O O-O 7.c3 Nc6 8.Na3 e5
9.dxe5 Nxe5 10.Nxe5 Bxe5 11.Nc4 Bg7 12.Bf3 Be6 13.Ne3 Nxe3 14.Bxe3 c6 15.Qa4 Qc7
16.Qh4 a5 17.Bd4 Rfd8 18.Bxg7 Kxg7 19.Rfd1 Rxd1+ 20.Bxd1 Qd8 21.Qxd8 Rxd8 22.b3
Rd2 23.Kf1 Rb2 24.Ke1 Bd5 25.Kf1 b5 26.h3 Kf6 27.g3 h5 28.Be2 Rc2 29.a4 bxa4
30.c4 axb3 31.cxd5 b2 32.Re1 cxd5 33.Bd3 Rc3 34.Ke2 a4 35.Kd2 d4 36.Bb1 a3
37.Ba2 g5 38.Re4 Rc1 39.Re1 Ra1 40.Bb1 Rxb1

[Event "Aut_2.Bundesliga_Ost_2003/04"]
[Site "Bruck/Leitha (1+2), Wien (3+4), Eichgraben (5-7), Wien (8+9), Eichgraben (10+11)"]
[Date "2003.10.25"]
[Round "1"]
[Board "2"]
[White "Staudner, Oliver"]
[Black "Groetz, Harald"]
[Result "1/2-1/2"]
[WhiteElo "2359"]
[BlackElo "2359"]
[PlyCount "28"]

1.e4 c5 2.c3 d5 3.exd5 Qxd5 4.d4 Nf6 5.Nf3 e6 6.Be3 cxd4 7.cxd4 Nc6 8.a3 Be7
9.Nc3 Qd6 10.Bd3 b6 11.O-O O-O 12.Qe2 Bb7 13.Rad1 h6 14.Qd2 e5

[Event "Aut_2.Bundesliga_Ost_2003/04"]
[Site "Bruck/Leitha (1+2), Wien (3+4), Eichgraben (5-7), Wien (8+9), Eichgraben (10+11)"]
[Date "2003.10.25"]
[Round "1"]
[Board "3"]
[White "Chytilek, Roman"]
[Black "Schumi, Manfred"]
[Result "1/2-1/2"]
[WhiteElo "2418"]
[BlackElo "2220"]
[PlyCount "101"]

1.d4 Nf6 2.c4 g6 3.Nc3 Bg7 4.e4 d6 5.Nf3 O-O 6.h3 Na6 7.Bg5 h6 8.Be3 e5 9.d5 Nc5
10.Nd2 a5 11.Be2 c6 12.g4 cxd5 13.cxd5 Ne8 14.h4 Bd7 15.h5 g5 16.f3 Rb8 17.Nb3
b6 18.Kf2 Bf6 19.Nb5 Be7 20.Qd2 Ra8 21.Rac1 Nc7 22.Nxc5 bxc5 23.Na3 Na6 24.Nc4
a4 25.Rhd1 Qb8 26.a3 Bd8 27.Qc2 Bc7 28.Rb1 Qa7 29.b3 axb3 30.Qxb3 Rfb8 31.Qc2
Rxb1 32.Rxb1 Rb8 33.Rb2 Rxb2 34.Qxb2 Nb8 35.Bd2 Kf8 36.Bc3 f6 37.Ke3 Ba4 38.Kd2
Kg7 39.Ne3 Nd7 40.Nc4 Nb6 41.Nxb6 Bxb6 42.Bb5 Ba5 43.Bxa4 Bxc3+ 44.Kxc3 Qxa4
45.Qb7+ Kf8 46.Qc8+ Kf7 47.Qb7+ Kf8 48.Qb8+ Kf7 49.Qc7+ Kg8 50.Qd8+ Kf7 51.Qc7+

[Event "Aut_2.Bundesliga_Ost_2003/04"]
[Site "Bruck/Leitha (1+2), Wien (3+4), Eichgraben (5-7), Wien (8+9), Eichgraben (10+11)"]
[Date "2003.10.25"]
[Round "1"]
[Board "4"]
[White "Vokroj, Rene"]
[Black "Hangweyrer, Manfred"]
[Result "1/2-1/2"]
[WhiteElo "2257"]
[BlackElo "2303"]
[PlyCount "27"]

1.Nf3 d5 2.g3 g6 3.Bg2 Bg7 4.c4 c6 5.cxd5 cxd5 6.d4 Nf6 7.Nc3 O-O 8.O-O Ne4
9.Qb3 Nc6 10.Rd1 Na5 11.Qb4 Nc6 12.Qb3 Na5 13.Qb4 Nc6 14.Qb3

[Event "Aut_2.Bundesliga_Ost_2003/04"]
[Site "Bruck/Leitha (1+2), Wien (3+4), Eichgraben (5-7), Wien (8+9), Eichgraben (10+11)"]
[Date "2003.10.25"]
[Round "1"]
[Board "5"]
[White "Wiedermann, Franz"]
[Black "Rogetzer, Klaus"]
[Result "0-1"]
[WhiteElo "2105"]
[BlackElo "2119"]
[PlyCount "48"]

1.d4 f5 2.g3 Nf6 3.Bg2 g6 4.Nf3 Bg7 5.O-O O-O 6.c4 d6 7.Nc3 Qe8 8.Nd5 Nxd5
9.cxd5 Nd7 10.Qc2 Nb6 11.Qxc7 Nxd5 12.Qc4 e6 13.a4 Bd7 14.Ng5 Rc8 15.Qb3 Bc6
16.e4 fxe4 17.Bh3 Nc7 18.Bxe6+ Nxe6 19.Nxe6 Rf3 20.Be3 d5 21.Ng5 Rf5 22.f3 exf3
23.Nxf3 Qe4 24.Ng5 Rxg5